A biography of the English language

Salvato in:
Dettagli Bibliografici
Autore principale: MILLWARD, C. M.
Natura: Libro
Lingua:inglese
Pubblicazione: Wadsworth Cengage Learning 2012
Tags: Aggiungi Tag
Nessun Tag, puoi essere il primo ad aggiungerne!!

MARC

LEADER 00000nam a22000007a 4500
008 211026b ||||| |||| 00| 0 eng d
020 |a 978-0-495-91047-3 
100 |a MILLWARD, C. M. 
245 |a A biography of the English language  |c C.M. Millward, Mary Hayes  |g  xiii, 478p. 
250 |b 3rd ed.-   |c C.M. Millward, Mary Hayes 
260 |b Wadsworth Cengage Learning  |c 2012  |h  Canberra, Australia  |i  691449   |l PE1075 .M62  |m English language - History 
500 |a “It includes index”. 
942 |a lcc  |c BK  |e j. o. ifatola  |f 26/ 10/ 2021 
952 |0 0  |1 0  |2 lcc  |4 0  |6 PE1075 M62  |7 0  |9 3676  |a HOL  |b HOL  |c LP  |d 2021-10-26  |l 0  |o PE1075 .M62  |p 2021-67412  |r 2021-10-26 00:00:00  |w 2021-10-26  |y BK 
952 |0 0  |1 0  |2 ddc  |4 0  |6 PE_1075_000000000000000__M62  |7 0  |9 3677  |a HOL  |b ART  |d 2021-10-26  |l 0  |o PE1075 .M62  |p 2021-67413  |r 2021-10-26 00:00:00  |w 2021-10-26  |y BK 
999 |c 1828  |d 1828